INTERIOR LANDSCAPE;THE LANDSCAPE ON BOTH SIDES OF THE CAMERA reflections on art, creativity, expression, and a life in photography.

A deeply thoughtful and inspiring collection of essays about visual expression, art, creativity, and a life in photography Photographer, teacher, and author Guy Tal has been photographing the landscape for more than 30 years, and in that time he has also been consistently contributing to the literat...

Full description

Bibliographic Details
Main Author: Tal, Guy
Format: eBook
Language:English
Published: [S.l.] : ROCKY NOOK, 2022.
Subjects:
Online Access:Connect to the full text of this electronic book

MARC

Tag First Indicator Second Indicator Subfields
LEADER 00000cam a22000007a 4500
001 in00004672000
006 m o d
007 cr |||||||||||
008 220724s2022 xx o 000 0 eng d
005 20260128210259.9
020 |a 1681988925  |q (electronic bk.) 
020 |a 9781681988924  |q (electronic bk.) 
035 |a (OCoLC)1336986675 
037 |a 9781681988924  |b O'Reilly Media 
040 |a YDX  |b eng  |c YDX  |d ORMDA  |d OCLCF  |d OCLCQ 
049 |a TXAM 
050 4 |a TR660 
082 0 4 |a 778.9/36  |2 23/eng/20220727 
100 1 |a Tal, Guy. 
245 1 0 |a INTERIOR LANDSCAPE;THE LANDSCAPE ON BOTH SIDES OF THE CAMERA  |b reflections on art, creativity, expression, and a life in photography. 
260 |a [S.l.] :  |b ROCKY NOOK,  |c 2022. 
300 |a 1 online resource 
336 |a text  |b txt  |2 rdacontent 
337 |a computer  |b c  |2 rdamedia 
338 |a online resource  |b cr  |2 rdacarrier 
520 |a A deeply thoughtful and inspiring collection of essays about visual expression, art, creativity, and a life in photography Photographer, teacher, and author Guy Tal has been photographing the landscape for more than 30 years, and in that time he has also been consistently contributing to the literature of photography, writing not about the technical aspects of the photograph--the gear, the exposure details, the "secrets to getting a great shot"--but about the deeper topics of visual expression, creativity, art, and life. Building on the legacy of his previous best-selling books More Than a Rock and Another Day Not Wasted, as well as his work as a regular contributor to LensWork and On Landscape magazines, The Interior Landscape is a collection of more than 60 brief essays, packaged in a beautiful hardcover format and illustrated throughout with Guy's stunning photography. Organized into four parts, Guy discusses: • Creativity and expression as the most significant aspects of making art • The controversial and tenuous relationship between photography (by design a medium for objective representation) and art (by definition the subjective expressions of the imagination of artists) • How he has formed a relationship with, and found meaning in, the natural landscape, and how he expresses these meanings in his photographs • Lessons learned from more than three decades of practicing expressive landscape photography The Interior Landscape is for anyone interested in, as the title suggests, turning inward to explore creativity, art, expression, and the landscape. It is sure to illuminate, educate, and inspire you on your photographic journey. 
650 0 |a Landscape photography. 
650 7 |a Landscape photography.  |2 fast  |0 (OCoLC)fst00992030 
856 4 0 |u https://proxy.library.tamu.edu/login?url=https://go.oreilly.com/TAMU/library/view/-/9781681988924/?ar  |z Connect to the full text of this electronic book  |t 0 
955 |a Safari/O'Reilly ebooks 
994 |a 92  |b TXA 
999 f f |s 106e3911-ec78-4137-b74e-dddb38008e1f  |i ce668f90-7544-4a4e-ba3b-54eda0b9d8b3  |t 0 
952 f f |a Texas A&M University  |b College Station  |c Electronic Resources  |s www_evans  |d Available Online  |t 0  |e TR660   |h Library of Congress classification 
998 f f |a TR660   |t 0  |l Available Online